00541nam a2200181Ia 4500003000900000008004100009020001800050040001600068080001600084100001700100245010400117250001200221260003200233300001300265490004900278650001600327700001600343IN-BaIIA211028s9999 xx 000 0 eng d a0-07-010934-6 cIIA Library a621.38bCHU aChute, G. M. 0aElectronics in industrycG. M. Chute and R. D. Chute  a5th ed. aAucklandbMcGraw-Hillc1981 ax, 561p. aElectrical and electronic engineering series aElectronics aChute, R. D